Acuerdos y concordatos entre la Santa Sede y los países americanos

में बचाया:
ग्रंथसूची विवरण
मुख्य लेखक: Navarro Floria, Juan Gregorio (autor)
स्वरूप: पुस्तक
भाषा:स्पेनिश
प्रकाशित: Buenos Aires Universidad Católica Argentina 2011
विषय:
टैग: टैग जोड़ें
कोई टैग नहीं, इस रिकॉर्ड को टैग करने वाले पहले व्यक्ति बनें!

MARC

LEADER 00000cam a2200000 a 4500
001 UCF2848
003 CL-VaPUC
008 120910e20110000AG |||||||||||||||||spa|d
020 |a 9789876201803 
082 0 4 |a 327.1  |b NAV  |2 21 
100 |a Navarro Floria, Juan Gregorio  |e autor  |9 873567 
245 1 0 |a Acuerdos y concordatos entre la Santa Sede y los países americanos 
300 |a 285 p 
942 |c BK 
945 |d 20120910 00:00:00  |a dcastane 
260 |a Buenos Aires  |b Universidad Católica Argentina  |c 2011 
650 0 |a Relaciones Internacionales  |9 255740 
650 7 |a SANTA SEDE  |2 CL-VaPUC  |9 258764 
651 0 |a América Latina   |9 255027 
583 |a last modification  |c 20120910 11:39:00  |k Rodrigo Vera 
999 |c 349386  |d 349384 
952 |0 0  |1 0  |2 ddc  |4 0  |6 327_100000000000000_NAV_2011  |7 0  |8 A  |9 451995  |a BIBDER  |b BIBDER  |c GEN  |d 2019-11-22  |i 4902726  |l 4  |m 1  |o 327.1 NAV 2011  |p 4902726  |r 2025-04-28  |s 2025-04-22  |w 2019-11-22  |y BK  |k DER